Nhượng quyền khởi nghiệp con đường ngắn nhất bước ra thế giới

Сохранить в:
Библиографические подробности
Главный автор: Nguyễn, Phi Vân
Формат:
Опубликовано: TP. Hồ chí Minh Trẻ 2016
Предметы:
Метки: Добавить метку
Нет меток, Требуется 1-ая метка записи!
Thư viện lưu trữ: Trung tâm Học liệu Lê Vũ Hùng, Trường Đại học Đồng Tháp
LEADER 00884pam a22003138a 4500
001 00034588
005 20171026081025.0
008 161010s2016 ||||||Viesd
020 # # |c 146000 
041 0 # |a Vie 
082 1 4 |a 658.67  |b NH561QU 
100 1 # |a Nguyễn, Phi Vân 
245 1 0 |a Nhượng quyền khởi nghiệp con đường ngắn nhất bước ra thế giới  |c Nguyễn Phi Vân 
260 # # |a TP. Hồ chí Minh  |c 2016  |b Trẻ 
300 # # |a 435 tr.  |c 24 cm. 
653 # # |a Franchises 
653 # # |a Triết học 
653 # # |a Chuyển nhượng kinh doanh 
852 # # |b Kho đọc  |j KD.0017906 
852 # # |j KD.0017906 
910 |d 10/10/2016 
980 # # |a Trung tâm Học liệu Lê Vũ Hùng, Trường Đại học Đồng Tháp